000 00678cam a2200253 4500
008 090401t1994 xxu||||| |||| 00| 0 eng d
020 _a1869930908
035 _a(Sirsi) u47557
041 _aeng
050 _a634.92
110 _aInvestment Property Databank
_92288
245 _aIPD forestry index (1994).
260 _aLondon
_bInvestment Property Databank
_c1994
300 _a1 folded sheet(6p.) ; 30cm.
350 _a0
650 _aFORESTRY INDEX
650 _aINDICES
650 _aINVESTMENT
650 _aTIMBER PRICES
690 _aRURAL PRACTICE
710 _aForestry Industry Committee of Great Britain
_9489
942 _n0
948 _c04/03/1997
999 _c92153
_d92153